000 00597nam a2200241 i 4500
001 C2-0014192
003 PPAK
005 20190630221927.0
008 970201s1988 enk |||| ||||| | eng d
020 _a0435123238
040 _aPPAK
_beng
_cPPAK
_erda
082 0 4 _a823
_223
090 0 0 _a823
_bDAH
_dG
100 1 _aDahl, Roald,
_eauthor
245 1 0 _aGoing solo
264 1 _aOxford :
_bHeinemann ,
_c1988
300 _a208 pages ;
_c19 cm
336 _2rdacontent
_atext
337 _2rdamedia
_aunmediated
338 _2rdacarrier
_avolume
650 1 0 _aEnglish fiction
942 _ddc
_cB
999 _c3480
_d3480